| 000 | 00347nam a2200145Ia 4500 | ||
|---|---|---|---|
| 005 | 20250514013645.0 | ||
| 008 | 240331s9999 xx 000 0 und d | ||
| 082 |
_a294 _bJAY |
||
| 100 | _aJayathilake , D.B | ||
| 245 | 0 | _aSaddhrma Rathnawaliya | |
| 260 |
_aColombo _bM.D.Gunasena Books _c1979 |
||
| 300 | _a69 p ., | ||
| 650 | _aBuddisum | ||
| 942 | _cL | ||
| 999 |
_c894 _d894 |
||